Ante la crisis, concierto de voluntades /
Este discurso fue pronunciado en un Informe del Gobernador de Baja California Norte. La obra habla de la transformación social del país, del desarrollo político en la pluralidad que la Revolución permitió, del avance económico que tuvo lugar y de la libertad de información que generó una sociedad cr...
Guardat en:
| Autor corporatiu: | |
|---|---|
| Altres autors: | |
| Format: | Llibre |
| Idioma: | espanyol |
| Publicat: |
México :
Secretaría de la Contraloría General de la Federación,
1986
|
| Col·lecció: | (Discursos del Secretario. Primera Serie ;
32) |
| Matèries: | |
| Etiquetes: |
Sense etiquetes, Sigues el primer a etiquetar aquest registre!
|
MARC
| LEADER | 00000nam^a2200000^a^4500 | ||
|---|---|---|---|
| 001 | 000020020 | ||
| 005 | 20250521000000.0 | ||
| 009 | 20260310084322.492 | ||
| 020 | |a 968-6151-15-x | ||
| 037 | |a Acervo ITESO - Biblioteca | ||
| 041 | |a ESP | ||
| 082 | |a 350. 9720638 |b MEX DIS S. 1 V. 32 | ||
| 110 | |a México. |b Secretario de la Contraloría General de la Federación. 1982-1987 (Rojas Gutiérrez) | ||
| 245 | 1 | 0 | |a Ante la crisis, concierto de voluntades / |c F.J. Rojas Gutiérrez. |
| 264 | 1 | |a México : |b Secretaría de la Contraloría General de la Federación, |c 1986 | |
| 300 | |a 10 p. | ||
| 336 | |a texto |b txt |2 rdacontenido | ||
| 337 | |a sin mediación |b n |2 rdamedio | ||
| 338 | |a volumen |b nc |2 rdasoporte | ||
| 440 | 1 | |a (Discursos del Secretario. |p Primera Serie ; |v 32) | |
| 520 | |a Este discurso fue pronunciado en un Informe del Gobernador de Baja California Norte. La obra habla de la transformación social del país, del desarrollo político en la pluralidad que la Revolución permitió, del avance económico que tuvo lugar y de la libertad de información que generó una sociedad crítica. Y, en un contexto de crisis, de la necesidad de modernización para conservar independencia y soberanía. | ||
| 649 | |a XX | ||
| 650 | |a Desarrollo Económico-Social - |z México | ||
| 650 | |a Desarrollo Político - |z México | ||
| 650 | |a Modernización - |z México | ||
| 650 | |a Reforma Administrativa - |z México | ||
| 650 | |a Transparencia Administrativa - |z México | ||
| 650 | |a Administración Pública - |z México - |x Historia - |y 1982-1988 | ||
| 650 | |a Política - |z México - |x Historia - |y 1982-1988 | ||
| 650 | |a Ciencias Administrativas | ||
| 700 | |a Rojas Gutiérrez, Francisco José |e (autor) | ||
| 910 | |a Fondo General | ||
| 920 | |a Impresos - Libros | ||
| 930 | |a Colección General | ||
| 905 | |a 101 | ||
| 901 | |a 0200200100 |b IT1 |c ACC |i 020020 |u 20250521 | ||
| 902 | |a https://opac.biblio.iteso.mx/vufind/Record/000020020 | ||